Personal Top 100 Videogames - Statistics

General Stats
  • This quiz has been taken 348 times
  • The average score is 37 of 100
Answer Stats
Picture Answer % Correct
Silent Hill
88%
Metal Gear Solid
84%
Call of Duty: Black Ops
83%
The Last of Us
82%
Crash Bandicoot
79%
Diablo II (Resurrected)
78%
Portal
76%
Red Dead Redemption 2
76%
Metal Gear Solid 2: Sons of Liberty
74%
Metal Gear Solid 3: Snake Eater
74%
Detroit: Become Human
73%
Dark Souls
72%
Metal Gear Solid 4: Guns of the Patriots
72%
Resident Evil 4
72%
The Sims
72%
Hitman: Codename 47
71%
Overwatch
71%
Portal 2
71%
Fallout
67%
Grand Theft Auto III
67%
Grand Theft Auto: Vice City
67%
Final Fantasy VII
66%
Team Fortress 2
64%
BioShock
63%
Death Stranding
62%
Half-Life
61%
Counter-Strike (1.6)
60%
Silent Hill 2
60%
The Witcher 3: Wild Hunt
60%
Undertale
59%
Bloodborne
58%
Life Is Strange
58%
Fallout: New Vegas
57%
Hitman 2: Silent Assassin
56%
Devil May Cry 3: Dante's Awakening
53%
Half-Life 2
53%
Limbo
51%
The Binding of Isaac: Rebirth
51%
Papers, Please
49%
Wolfenstein 3D
49%
Final Fantasy VIII
48%
Deus Ex
45%
Fallout 2
45%
Alan Wake
44%
Metal Gear Rising: Revengeance
43%
Heavy Rain
42%
Bioshock Infinite
41%
Doom (2016)
40%
EarthBound
40%
Hotline Miami
40%
Mortal Kombat 3
39%
Hotline Miami 2: Wrong Number
33%
DmC: Devil May Cry
32%
Left 4 Dead
32%
Inscryption
28%
Max Payne
28%
Call of Duty 4: Modern Warfare
24%
Baldur's Gate
23%
Call of Duty: Black Ops 2
22%
Duke Nukem 3D
22%
Max Payne 2: The Fall of Max Payne
22%
Spec Ops: The Line
21%
Doom (1993)
20%
Deadly Premonition
19%
Battlefield 2
18%
Deus Ex: Human Revolution
17%
Metal Gear Solid: Peace Walker
17%
Age of Mythology
16%
Far Cry 3: Blood Dragon
16%
Hard Truck: Apocalypse (Ex Machina)
15%
The Elder Scrolls III: Morrowind
14%
Quake II
13%
Chrono Cross
11%
Fahrenheit
11%
Gothic
10%
Quake III Arena
10%
Katana Zero
9%
S.T.A.L.K.E.R.: Call of Pripyat
9%
Theme Hospital
8%
Yume Nikki
8%
System Shock 2
7%
Jazzpunk
6%
Red Faction
5%
Return to Castle Wolfenstein
5%
Reventure
5%
Condemned: Criminal Origins
4%
Singularity
4%
Syberia
4%
Vampire: The Masquerade - Bloodlines
4%
Audiosurf
3%
Comix Zone
3%
Dune II
3%
Mother Russia Bleeds
3%
The Hex
3%
Total Overdose
3%
Lineage II
2%
Sacred
2%
Vangers
2%
You Are Empty
2%
Cannon Fodder
1%
No matching quizzes found
Score Distribution
Percent of People with Each Score
Percentile by Number Answered
Your Score History
You have not taken this quiz